Les personnages d'Ant-Man et la Guêpe #20 - Statistiques

Statistiques générales
  • Ce quiz a été pris 3 fois
  • Le résultat moyen est 10 sur 12
Statistiques - réponses
Réponse % Correct
Ava Starr / le Fantôme
100%
Bill Foster
100%
Hank Pym
100%
Hope van Dyne / la Guêpe
100%
Janet van Dyne
100%
Kurt
100%
Luis
100%
Scott Lang / Ant-Man
100%
Dave
67%
Jimmy Woo
67%
Cassie Lang
33%
James Paxton
33%
Aucun quiz correspondant
Distribution des résultats
% des personnes avec chaque résultat
Percentile par nombre de réponses
Votre historique - résultats
Vous n’avez pas pris ce quiz